Central Library OPAC University of Rajshahi

Australian short stories / (Record no. 19868)

MARC details
000 -LEADER
fixed length control field 00809nam a2200265 a 4500
001 - CONTROL NUMBER
control field 19868
003 - CONTROL NUMBER IDENTIFIER
rucl marc code BD-RjUL
005 - DATE AND TIME OF LATEST TRANSACTION
control field 20211209000505.0
008 - FIXED-LENGTH DATA ELEMENTS--GENERAL INFORMATION
fixed length control field 140226r19531951at 000 1 eng
035 ## - SYSTEM CONTROL NUMBER
System control number (BD-RjUL)19929
040 ## - CATALOGING SOURCE
Original cataloging agency DLC
Transcribing agency DLC
Modifying agency DLC
-- BD-RjUL
Language of cataloging eng
041 ## - LANGUAGE CODE
Language code of text/sound track or separate title eng
082 00 - DEWEY DECIMAL CLASSIFICATION NUMBER
Classification number 823.0108
Edition number 19
Author mark and year AUS 1953
245 00 - TITLE STATEMENT
Title Australian short stories /
Statement of responsibility, etc. selected by Walter Murdoch and H. Drake-Brockman.
260 ## - PUBLICATION, DISTRIBUTION, ETC. (IMPRINT)
Place of publication, distribution, etc. Melbourne :
Name of publisher, distributor, etc. Geo. Cum.,
Date of publication, distribution, etc. 1953.
300 ## - PHYSICAL DESCRIPTION
Pagination x, 447 p. ;
Size 19 cm.
490 0# - SERIES STATEMENT
Series statement Everyman's library
Series statement Everyman classics
650 #0 - SUBJECT ADDED ENTRY--TOPICAL TERM
Topical term or geographic name as entry element Short stories, Australian.
9 (RLIN) 61012
651 #0 - SUBJECT ADDED ENTRY--GEOGRAPHIC NAME
Geographic name Australia
General subdivision Social life and customs
-- Fiction.
9 (RLIN) 61013
700 1# - ADDED ENTRY--PERSONAL NAME
Personal name Goldsworthy, Kerryn,
Dates associated with a name 1953-
942 ## - ADDED ENTRY ELEMENTS (KOHA)
Source of classification or shelving scheme Dewey Decimal Classification
Koha item type Books
Holdings
Lost status Source of classification or shelving scheme Damaged status Not for loan Collection code Permanent Location Current Location Shelving location Date acquired Source of acquisition Cost, normal purchase price Total Checkouts Full call number Date last seen Copy number Koha item type
  Dewey Decimal Classification   Not For Loan Fiction Central Library, University of Rajshahi Central Library, University of Rajshahi Reading Room 25/10/1954 O. U. P 3.60   823.0108 AUS 1953 26/02/2014 C-1 Books